000 01338pam a22003374a 4500
001 14906073
003 OSt
005 20230503104033.0
008 070627s2007 moua b 001 0 eng
010 _a 2007277292
020 _a9780323039062 (pbk.)
020 _a0323039065 (pbk.)
040 _aDLC
_cLC
_dDLC
050 0 0 _aRC440.K36
082 0 0 _a616.89/0231
_222
100 1 _aKeltner, Norman L.
_91416
245 1 0 _aPsychiatric nursing. /
_cNorman L. Keltner, Lee Hilyard Schwecke, Carol E. Bostrom.
250 _a5th ed.
260 _aSt. Louis:
_bMosby/Elsevier,
_c2007.
300 _axiv, 719 p. :
_bill. (some col.) ;
_c26 cm. +
_e1 CD-ROM (4 3/4 in.)
504 _aIncludes bibliographic references and index.
505 _aContents: Introduction to psychiatric nursing -- Therapeutic nurse-patient relationship -- Psychopharmacology -- Milieu management -- Psychopathology -- Special populations and therapies in psychiatric nursing --
650 0 _aPsychiatric nursing.
_9381
650 0 _aPsychotherapy.
_91417
650 0 _aNurse and patient.
_9395
700 1 _aSchwecke, Lee Hilyard.
_91418
700 1 _aBostrom, Carol E.
_91419
906 _a7
_bcbc
_corigcop
_d2
_encip
_f20
_gy-gencatlg
942 _2lcc
_cBK
999 _c9583
_d17083